00458nam a2200181 a 4500001001300000003000900013005001700022008004100039020002300080082001800103100001600121245003000137260002700167500003500194505001400229650001700243700001600260nice12345678IN_TiNIC20260116015355.0110420s2006 nj,a grp 000 0 eng  a9781597840453c10000a297.211bNUR3 aNursi, Said aReflections on the Divine aNJ, USA bLight c2006 aincludes index and biblioraphy2 a135pIndex aTheology-God1 aNursi, Said